000 00748cab a2200193 4500
001 ##L136537
008 070206n2007 000 0 eng u
035 _a(Sirsi) u136537
041 0 _aeng
100 1 _aLane, Thomas
245 0 0 _aSpecifier
_broofing
260 _c2007
490 0 _aBuilding
_v272(8465) 2 February 2007, 68-77(7)
520 _aReports on the roof designed to cover the Smithsonian Institution in Washington, comparing it to the British Museum's Great Court roof. Other articles look at innovative roof systems and products and the whole-life costs of various roof materials.
590 _aKA
651 4 _aUnited Kingdom
_y
690 _aBUILT ENVIRONMENT-BUILDING ELEMENTS-COMPLETE BUILDING ELEMENTS-ROOFS
942 _n0
999 _c78338
_d78338